Human capital, information technology and productivity
Vzťahy medzi kvalitou (zručnosťou) ľudského kapitálu a produktivitou skúmané na vzorke troch severských krajín - Fínska, Nórska a Švédska. Popisné dáta. Informačné technológie, intenzita ľudského kapitálu a produktivita. Alternatívna aproximácia ľudského kapitálu.
Enregistré dans:
| Auteur principal: | |
|---|---|
| Format: | Chapitre de livre |
| Langue: | anglais |
| Sujets: | |
| Tags: |
Pas de tags, Soyez le premier à ajouter un tag!
|
MARC
| LEADER | 00000naa$a2200000$$$4500 | ||
|---|---|---|---|
| 001 | 0116041 | ||
| 005 | 20231013082327.8 | ||
| 041 | 0 | |a eng | |
| 044 | |a CZ | ||
| 245 | 1 | 0 | |a Human capital, information technology and productivity |c Eva Hagsten |
| 520 | |a Vzťahy medzi kvalitou (zručnosťou) ľudského kapitálu a produktivitou skúmané na vzorke troch severských krajín - Fínska, Nórska a Švédska. Popisné dáta. Informačné technológie, intenzita ľudského kapitálu a produktivita. Alternatívna aproximácia ľudského kapitálu. | ||
| 610 | 2 | 0 | |a kapitál ľudský |
| 610 | 2 | 0 | |a zručnosti |
| 610 | 2 | 0 | |a produktivita |
| 610 | 2 | 0 | |a technológie informačné |
| 610 | 2 | 0 | |a výskum |
| 610 | 2 | 0 | |a Fínsko |
| 610 | 2 | 0 | |a Nórsko |
| 610 | 2 | 0 | |a Švédsko |
| 100 | 1 | |a Hagsten, Eva | |